00582nam a22001817a 4500999001900000003000500019038001100024082002100035100002600056245004800082260003300130300001300163500001500176880004300191880005500234942001200289952009900301 c523854d523854NUST awaseem a891.4391092bSHA aShakoor, A. K.914666 aBay Samat Rahon Ka Musafir /cA. K. Shakoor aLahore :bHaris Book,c2009. a149 p. ; aHardcover. 6100-02\raعبدالکریم شکور  6245-02\raبے سمت رایوں کا مسافر / 2ddccBK 00102ddc4070aCLbCLd2019-05-31l0o891.4391092 SHApCL-E-2107r2019-05-31w2019-05-31yBK